| 000 | 00824nam a2200217 a 4500 | ||
|---|---|---|---|
| 001 | 000225098 | ||
| 003 | AM-YeHGA | ||
| 005 | 20250618071534.0 | ||
| 008 | 030514s1941 ai |||||r|||||000|0|arm|d | ||
| 040 | _aAM-YeHGA | ||
| 041 | 0 | _aarm | |
| 100 | 1 | _aԳերման, Յուրի | |
| 245 | 1 | 0 |
_aՊատմվածքներ առաջին չեկիստի մասին : _b[Ֆ.Դերժինսկու մասին]: Կրտսեր և միջին տարիքի երեխաների համար / _cՅու. Գերման ; Թարգմ.՝ Ս. Միքայելյան. |
| 260 |
_aԵրևան : _bՀայպետհրատ, _c1941. |
||
| 300 |
_a78 էջ : _bնկ. ; _c20 սմ. |
||
| 600 | 1 | 4 | _aԴերժինսկի, Ֆելիքս |
| 650 | 1 | 4 | _aՊատմություն |
| 700 | 1 |
_aՄիքայելյան, Ս. _eթարգմ. _4trl _9435 |
|
| 942 |
_2udc _cBK |
||
| 090 | _c80423 | ||
| 999 |
_c79162 _d79162 |
||